000 00332nam a22001337a 4500
020 _a0333932161
040 _cNUST
082 _a510.2462 GUP
100 _aGupta, A.K
_982851
245 _aEngineering Mathematics
260 _aNew Delhi:
_bMacmillan India Limited,
_c1992.
650 _aEngineering Mathematics
942 _2ddc
_cBK
999 _c595455
_d595455